<?xml version='1.0' encoding='UTF-8'?>
  <record xmlns="http://www.loc.gov/MARC21/slim">
    <leader>00000cam a2200000 i 4500</leader>
    <controlfield tag="001">ocn974076338</controlfield>
    <controlfield tag="003">OCoLC</controlfield>
    <controlfield tag="005">20260121180025.9</controlfield>
    <controlfield tag="008">991018s1544    sz            001 0 lat d</controlfield>
    <datafield tag="040" ind1=" " ind2=" ">
      <subfield code="a">QGJ</subfield>
      <subfield code="b">eng</subfield>
      <subfield code="e">rda</subfield>
      <subfield code="e">dcrmr</subfield>
      <subfield code="c">QGJ</subfield>
      <subfield code="d">OCLCQ</subfield>
      <subfield code="d">QGJ</subfield>
      <subfield code="d">OCLCO</subfield>
      <subfield code="d">OCLCL</subfield>
      <subfield code="d">QGJ</subfield>
      <subfield code="d">OCLCO</subfield>
    </datafield>
    <datafield tag="035" ind1=" " ind2=" ">
      <subfield code="a">(OCoLC)974076338</subfield>
    </datafield>
    <datafield tag="041" ind1="1" ind2=" ">
      <subfield code="a">lat</subfield>
      <subfield code="h">grc</subfield>
    </datafield>
    <datafield tag="100" ind1="0" ind2=" ">
      <subfield code="a">John Chrysostom,</subfield>
      <subfield code="c">Saint,</subfield>
      <subfield code="d">-407,</subfield>
      <subfield code="e">author,</subfield>
      <subfield code="e">aut.</subfield>
      <subfield code="1">https://id.oclc.org/worldcat/entity/E39PBJwMBVcVHrxfw9hVthqqQq</subfield>
    </datafield>
    <datafield tag="240" ind1="1" ind2="0">
      <subfield code="a">On the priesthood.</subfield>
      <subfield code="l">Latin</subfield>
      <subfield code="s">(Cornarius)</subfield>
    </datafield>
    <datafield tag="245" ind1="1" ind2="0">
      <subfield code="a">De episcopalis ac sacerdotalis muneris praestantia, /</subfield>
      <subfield code="c">Ioannis Chrysostomi, Episcopi Constantinopolitani cum Basilio Magno dissertatio, Per Ianum Cornarium Medicum Physicum Latinè conscripta, nuncq[ue] primum in lucem edita.</subfield>
    </datafield>
    <datafield tag="246" ind1="3" ind2="7">
      <subfield code="a">Ioan. Chrysostomi De praest. episcopi</subfield>
    </datafield>
    <datafield tag="264" ind1=" " ind2="1">
      <subfield code="a">Basileae. :</subfield>
      <subfield code="b">ex officina Ioannis Oporini,</subfield>
      <subfield code="c">Anno Salutis MDXLIIII. [1544] Mense Aprili.</subfield>
    </datafield>
    <datafield tag="300" ind1=" " ind2=" ">
      <subfield code="a">168, [8] pages ;</subfield>
      <subfield code="c">14 cm (8vo)</subfield>
    </datafield>
    <datafield tag="336" ind1=" " ind2=" ">
      <subfield code="a">text</subfield>
      <subfield code="b">txt</subfield>
      <subfield code="2">rdacontent</subfield>
    </datafield>
    <datafield tag="337" ind1=" " ind2=" ">
      <subfield code="a">unmediated</subfield>
      <subfield code="b">n</subfield>
      <subfield code="2">rdamedia</subfield>
    </datafield>
    <datafield tag="338" ind1=" " ind2=" ">
      <subfield code="a">volume</subfield>
      <subfield code="b">nc</subfield>
      <subfield code="2">rdacarrier</subfield>
    </datafield>
    <datafield tag="340" ind1=" " ind2=" ">
      <subfield code="m">8vo</subfield>
      <subfield code="2">rdabf</subfield>
    </datafield>
    <datafield tag="500" ind1=" " ind2=" ">
      <subfield code="a">Printer's name and date of publication from colophon, which reads: Basileae ex officina Joannis Oporini, anno salutis MDXLIIII. Mense Aprili.</subfield>
    </datafield>
    <datafield tag="500" ind1=" " ind2=" ">
      <subfield code="a">Signatures: A-L⁸ (A2 missigned A3).</subfield>
    </datafield>
    <datafield tag="500" ind1=" " ind2=" ">
      <subfield code="a">With initials and printed marginalia.</subfield>
    </datafield>
    <datafield tag="500" ind1=" " ind2=" ">
      <subfield code="a">Includes index.</subfield>
    </datafield>
    <datafield tag="500" ind1=" " ind2=" ">
      <subfield code="a">Also on title page: "Cum gratia &amp; priuilegio Imperiali ad quinquiennium."</subfield>
    </datafield>
    <datafield tag="500" ind1=" " ind2=" ">
      <subfield code="a">At end of dedicatory epistle: "Marpurgi, IX Aprilis, Anno Christi M.D.XLIIII."</subfield>
    </datafield>
    <datafield tag="500" ind1=" " ind2=" ">
      <subfield code="a">Pagination errors: page 10 misnumbered 19, page 157 misnumbered 137.</subfield>
    </datafield>
    <datafield tag="510" ind1="4" ind2=" ">
      <subfield code="a">Verzeichnis der im deutschen Sprachbereich erschienenen Drucke des 16. Jahrhunderts (VD 16),</subfield>
      <subfield code="c">J 462</subfield>
      <subfield code="u">https://gateway-bayern.de/VD16+J+462</subfield>
    </datafield>
    <datafield tag="650" ind1=" " ind2="0">
      <subfield code="a">Clergy</subfield>
      <subfield code="x">Office</subfield>
      <subfield code="v">Early works to 1800.</subfield>
    </datafield>
    <datafield tag="600" ind1="0" ind2="4">
      <subfield code="a">Basilius Magnus.</subfield>
    </datafield>
    <datafield tag="650" ind1=" " ind2="6">
      <subfield code="a">Clergé</subfield>
      <subfield code="x">Ministère</subfield>
      <subfield code="v">Ouvrages avant 1800.</subfield>
    </datafield>
    <datafield tag="650" ind1=" " ind2="7">
      <subfield code="a">Clergy</subfield>
      <subfield code="x">Office</subfield>
      <subfield code="2">fast</subfield>
    </datafield>
    <datafield tag="655" ind1=" " ind2="7">
      <subfield code="a">Early works</subfield>
      <subfield code="2">fast</subfield>
    </datafield>
    <datafield tag="700" ind1="1" ind2=" ">
      <subfield code="a">Cornarius, Janus,</subfield>
      <subfield code="d">1500-1558,</subfield>
      <subfield code="e">translator,</subfield>
      <subfield code="e">editor.</subfield>
      <subfield code="4">trl</subfield>
      <subfield code="4">edt</subfield>
      <subfield code="1">https://id.oclc.org/worldcat/entity/E39PBJcKHpg3PT3XcPjwD8dbBP</subfield>
    </datafield>
    <datafield tag="700" ind1="1" ind2=" ">
      <subfield code="a">Oporinus, Joannes,</subfield>
      <subfield code="d">1507-1568,</subfield>
      <subfield code="e">printer.</subfield>
      <subfield code="4">prt</subfield>
      <subfield code="1">https://id.oclc.org/worldcat/entity/E39PBJjMFW8PFDM7bqhQkh3xXd</subfield>
    </datafield>
    <datafield tag="700" ind1="1" ind2=" ">
      <subfield code="a">Glauburg, Hieronymus von,</subfield>
      <subfield code="d">1510-1574,</subfield>
      <subfield code="e">dedicatee.</subfield>
      <subfield code="4">dte</subfield>
    </datafield>
    <datafield tag="752" ind1=" " ind2=" ">
      <subfield code="a">Switzerland</subfield>
      <subfield code="d">Basel,</subfield>
      <subfield code="e">publication place.</subfield>
      <subfield code="4">pup</subfield>
    </datafield>
    <datafield tag="758" ind1=" " ind2=" ">
      <subfield code="i">has work:</subfield>
      <subfield code="a">De episcopalis ac sacerdotalis muneris praestantia (Text)</subfield>
      <subfield code="1">https://id.oclc.org/worldcat/entity/E39PCFJMM8MmtMJQXmpRFbHRVd</subfield>
      <subfield code="4">https://id.oclc.org/worldcat/ontology/hasWork</subfield>
    </datafield>
  </record>